[Event "Alta Padovana op-B 5th"]
[Site "Loreggia"]
[Date "2005.02.25"]
[Round "1"]
[White "Basso, Piergiorgio"]
[Black "Scarangella, Luca"]
[Result "1-0"]
[WhiteElo "1700"]
[BlackElo "1497"]
[PlyCount "122"]
[EventDate "2005.02.25"]
[EventType "swiss"]
[EventRounds "5"]
[EventCountry "ITA"]
[SourceTitle "EXT 2024"]
[Source "ChessBase"]
[SourceDate "2023.10.10"]
[SourceVersion "1"]
[SourceVersionDate "2023.10.10"]
[SourceQuality "1"]

1. e4 c6 2. d4 d5 3. e5 Bf5 4. Bd3 Bxd3 5. Qxd3 e6 6. Nf3 h6 7. 0-0 Nd7 8. Be3 Qb6 9. Nbd2 c5 10. Qb3 cxd4 11. Bxd4 Qxb3 12. Nxb3 b6 13. Rac1 Rc8 14. Nbd2 Bc5 15. Rfe1 Ne7 16. c4 Bxd4 17. Nxd4 0-0 18. Nb5 dxc4 19. Nxc4 Nc5 20. Nxa7 Ra8 21. Nxb6 Rxa7 22. Rxc5 Rxa2 23. Nc4 Rfa8 24. Rb5 Ng6 25. g3 Ra1 26. Kf1 Rxe1+ 27. Kxe1 Ra1+ 28. Ke2 Rc1 29. Ne3 Kf8 30. f4 f5 31. exf6 gxf6 32. Rb8+ Kf7 33. Rb7+ Ne7 34. Ng4 h5 35. Nh6+ Ke8 36. h4 Rc2+ 37. Kf3 Kf8 38. g4 hxg4+ 39. Nxg4 f5 40. Ne3 Rh2 41. Kg3 Rh1 42. Nc4 Ng6 43. Ne5 Nxe5 44. fxe5 Rg1+ 45. Kf3 Rg4 46. h5 Rh4 47. Rh7 Rb4 48. Rh6 Kf7 49. Rf6+ Ke7 50. h6 Rxb2 51. Kg3 Rb1 52. Kh4 Rh1+ 53. Kg5 Rg1+ 54. Kh5 Rh1+ 55. Kg6 Rg1+ 56. Kh7 Re1 57. Kg7 Rg1+ 58. Rg6 Rxg6+ 59. Kxg6 f4 60. h7 f3 61. h8Q f2 1-0

[Event "Veneto-ch Quarti di Finale 64th"]
[Site "Arqua Petrarca"]
[Date "2004.05.15"]
[Round "4.27"]
[White "Scarangella, Luca"]
[Black "Quaranta, Gaetano"]
[Result "0-1"]
[WhiteElo "1440"]
[BlackElo "1718"]
[PlyCount "94"]
[EventDate "2004.05.08"]
[EventType "swiss"]
[EventRounds "6"]
[EventCountry "ITA"]
[SourceTitle "EXT 2023"]
[Source "ChessBase"]
[SourceDate "2022.10.05"]
[SourceVersion "1"]
[SourceVersionDate "2022.10.05"]
[SourceQuality "1"]

1. d4 Nf6 2. Nc3 d5 3. Nf3 e6 4. e3 Bb4 5. Bd2 0-0 6. Be2 Nbd7 7. 0-0 c6 8. Rc1 Bxc3 9. Bxc3 Ne4 10. Bb4 c5 11. dxc5 Nexc5 12. c4 dxc4 13. Rxc4 b6 14. Rd4 Qc7 15. Qc1 Bb7 16. Rfd1 Nf6 17. Nh4 Rac8 18. Bf3 Rfe8 19. Bxc5 bxc5 20. R4d2 Ba6 21. Be2 Bb7 22. Bf3 Bxf3 23. Nxf3 Qa5 24. a3 Nd5 25. e4 Nf6 26. Qc2 h6 27. Ne5 c4 28. Nxc4 Qh5 29. f3 Qc5+ 30. Kf1 Qxc4+ 31. Qxc4 Rxc4 32. Ke2 Rec8 33. Kd3 Rc1 34. Rxc1 Rxc1 35. b4 Ra1 36. Kc4 Rxa3 37. Rb2 Kf8 38. b5 Ke7 39. Kb4 Ra1 40. Rc2 Nd7 41. Rc7 Kd6 42. Rc6+ Ke7 43. Rc7 Kd8 44. Rc6 Nb6 45. Rc2 Ra4+ 46. Kc5 Kc7 47. h4 Nd7# 0-1